| 000 | 00918pam a2200289 a 4500 | ||
|---|---|---|---|
| 001 | 4926258 | ||
| 003 | OSt | ||
| 005 | 20170105101211.0 | ||
| 008 | 950908s1996 njua 001 0 eng | ||
| 010 | _a 95036372 | ||
| 020 | _a0134404882 | ||
| 040 |
_aDLC _cDLC _dDLC |
||
| 050 | 0 | 0 |
_aHB171.5 _b.C3123 1996 |
| 082 | 0 | 0 |
_a330 _220 |
| 100 | 1 | _aCase, Karl E. | |
| 245 | 1 | 0 |
_aPrinciples of economics / _cKarl E. Case, Ray C. Fair. |
| 250 | _a4th ed. | ||
| 260 |
_aUpper Saddle River, N.J. : _bPrentice Hall, _cc1996. |
||
| 300 |
_a1 v. (various pagings) : _bcol. ill. ; _c26 cm. |
||
| 500 | _aCol. map of world on endpapers. | ||
| 500 | _aIncludes index. | ||
| 650 | 0 | _aMicroeconomics. | |
| 700 | 1 | _aFair, Ray C. | |
| 906 |
_a7 _bcbc _corignew _d1 _eocip _f19 _gy-gencatlg |
||
| 942 |
_2ddc _cBK |
||
| 999 |
_c3188 _d3188 |
||